[Event "Florida Denker op"]
[Site "Florida"]
[Date "2004.08.10"]
[Round "3"]
[White "Guadelupe, Fransisco"]
[Black "Spencer, Cris"]
[Result "0-1"]
[WhiteElo "2004"]
[BlackElo "1780"]
[PlyCount "102"]
[EventDate "2004.08.08"]
[EventType "swiss"]
[EventRounds "6"]
[EventCountry "USA"]
[EventCategory "1"]
[SourceTitle "EXT 2006"]
[Source "ChessBase"]
[SourceDate "2005.11.24"]
[SourceVersion "1"]
[SourceVersionDate "2005.11.24"]
[SourceQuality "1"]

1. e4 c5 2. Nf3 d6 3. d4 cxd4 4. Nxd4 Nf6 5. Nc3 a6 6. Be2 e6 7. Be3 Bd7 8. 0-0 Be7 9. f4 Nc6 10. f5 Nxd4 11. Bxd4 e5 12. Be3 Bc6 13. Nd5 Bxd5 14. exd5 0-0 15. c4 Nd7 16. Rc1 Bg5 17. Bxg5 Qxg5 18. Rf3 e4 19. Rfc3 e3 20. b4 b6 21. Bd3 Rfe8 22. Qe2 Re5 23. Rf1 Nf6 24. Ra3 Nh5 25. Qf3 Nf6 26. Re1 g6 27. Bf1 Qh4 28. g3 Qd4 29. Rd3 Qxc4 30. fxg6 hxg6 31. Qxf6 e2 32. Rf3 exf1Q+ 33. Rexf1 Rf8 34. Qxd6 Qd4+ 35. R1f2 Rxd5 36. Qe7 Re5 37. Qf6 Re1+ 38. Kg2 Qxb4 39. Rf4 Re4 40. Rb2 Rxf4 41. gxf4 Qe4+ 42. Kg3 Rc8 43. Rxb6 Qe3+ 44. Kg4 Qg1+ 45. Kf3 Qxh2 46. Rxa6 Qh3+ 47. Ke4 Rc4+ 48. Ke5 Qe3+ 49. Kd6 Qd3+ 50. Ke7 Rc7+ 51. Ke8 Qd7# 0-1